Priorita ekonomickej integrácie Premiéri krajín CEFTA prijali spoločnú deklaráciu

Bibliographic Details
Format: Article
Language:Slovak
Subjects:

MARC

LEADER 00000nab a2200000 a 4500
001 vtls000532702
003 SK-MaSNL
005 20260303010014.0
008 120928c1994 xo 0 slo
015 |a SNBRB19rr/mm-uuuuu 
035 |a CL0532840 
040 |a SNKBUCL  |b slo  |c SNKBUCL  |e AACR2 
041 0 |a slo 
044 |a xo  |c SK 
080 |a 339.54.012.42(4-11):061.1(4-11):061.3  |2 1981 
245 0 0 |a Priorita ekonomickej integrácie  |b Premiéri krajín CEFTA prijali spoločnú deklaráciu 
650 0 7 |a Stredoeurópska dohoda o voľnom obchode (CEFTA)  |2 snkbucl  |9 986853 
655 7 |a články z novín a časopisov  |2 snkbucl  |9 267496 
773 0 |t Slovenská republika  |g Roč. 1, č. 166 (26. 11. 1994), s. 7 
850 |a Slovenská národná knižnica v Martine  |a MTA001 
852 |a SNK  |b KIS3GCP 
958 |a RK 
992 |a RBX 
999 |c 1585213  |d 1587143